000 00663nam a2200217 i 4500
001 C2-0257868
003 PPAK
005 20180727224706.0
008 040827s2002 my a|||| ||||| | zxx d
040 _aPPAK
_beng
_cPPAK
_erda
082 0 4 _a513.213
_223
090 0 0 _a513.213
_bMAS
_dR
245 0 0 _aMasalah darab dan bahagi berayat =
_bverbal multiplication and division problems
264 1 _aAlor Setar, Kedah :
_bPusat Sumber Pendidikan Negeri ,
_c2002
300 _alx, 133 pages :
_billustrations ;
_c30 cm
336 _2rdacontent
_atext
337 _2rdamedia
_aunmediated
338 _2rdacarrier
_avolume
650 1 0 _aMathematics.
942 _ddc
_cB
999 _c69585
_d69585